| 000 | 00835nam a2200205 a 4500 | ||
|---|---|---|---|
| 003 | 0 | ||
| 005 | 20250317113756.0 | ||
| 008 | 071127s19uu xx 00 eng d | ||
| 050 |
_aPGS QR 82.S8.A78 _b.Ig24 2007 |
||
| 100 | _aIgahara, Gladys M. | ||
| 245 |
_aThe effects of Artemesia vulgaris on the growth of sore throat - causing bacteria (Streptococcus) / _cGladys M. Igahara. |
||
| 260 |
_aLas PiƱas City, Philippines : _bSouthville International School and Colleges, _c2007. |
||
| 300 |
_a25 pages : _billustrations ; _c28 cm. |
||
| 504 | _aIncludes bibliographical references. | ||
| 650 |
_aStreptococcus _vGrowth and development. |
||
| 650 |
_aStreptococcal infections _vAlternative treatment. |
||
| 650 |
_aHerbal medicine _vAntimicrobial properties. |
||
| 650 |
_aArtemisia vulgaris _vTherapeutic use. |
||
| 942 |
_2lcc _cPASS |
||
| 999 |
_c97715 _d97715 |
||